Statistics for Captain America

Click here to take the quiz!

General Stats

  • This quiz has been taken 807 times
  • The average score is 5 of 11

Answer Stats

CluesAnswers% Correct
What is Captain America's real name?Steve Rogers
96%
What is the name of the girl he liked?Peggy
66%
How many years was he frozen?70
65%
Movie was made in ____. (Year)2011
59%
_______ StarkHoward
59%
What helps him during his fights?Shield
59%
Where was the plane going when Cap. brought it into the ice?New York
48%
He was born in ____.1918
45%
How many men does he save on his first mission (unauthorized)?200
14%
Where is Cap. originally from?Brooklynn
13%
Who is his best friend?Buckey
11%

Score Distribution

Percentile by Number Answered

Percent of People with Each Score

Your Score History

You have not taken this quiz